00670nam a2200169 a 450000500170000000800410001704000250005804100080008308200180009111101050010924501420021426000400035630000290039665000330042565000210045866200210047920200104041522.0140228b1989 ||||gr|||| 00| 0 spa d aCO-BoIAVHcCO-BoIAVH aspa 4a333.782bI43t2 aTaller Internacional sobre Investigaciones en áreas silvestres protegidascIslas Galápagosd19891 aInforme taller internacional sobre investigaciones en áreas silvestres protegidasbislas Galápagos, Ecuador 19 al 25 de marzo de 1989 aIslas GalápagosbFAObPNUMAc1989 a34 paginas.c25 x 17 cm  4aInvestigación científica 4aAreas protegidas cAmérica Latina